000
00270nam a2200109Ia 4500
008
190216s9999||||xx |||||||||||||| ||und||
100
_a
Brij Lal
245
0
_a
Medical Entrance Examination Guide Physic
260
_b
Eurasia Pub-Ltd
650
_a
References
942
_c
REF
999
_c
36121
_d
36121